9 DAYS TO X'MAS - A STORY OF MEXICO (Record no. 7550)
[ view plain ]
| 000 -LEADER | |
|---|---|
| fixed length control field | 00273nam a22001097a 4500 |
| 082 ## - DEWEY DECIMAL CLASSIFICATION NUMBER | |
| Classification number | 823 |
| Item number | HAL/N |
| 100 ## - MAIN ENTRY--AUTHOR NAME | |
| Personal name | HALL, MARIE |
| 245 ## - TITLE STATEMENT | |
| Title | 9 DAYS TO X'MAS - A STORY OF MEXICO |
| 260 ## - PUBLICATION, DISTRIBUTION, ETC. (IMPRINT) | |
| Place of publication | NEW YORK |
| Name of publisher | THE VIKING PRESS |
| Year of publication | 1959 |
| 650 ## - SUBJECT ADDED ENTRY--TOPICAL TERM | |
| Topical Term | ENGLISH STORY |
| Geographic subdivision | UNITED STATES |
| 942 ## - ADDED ENTRY ELEMENTS (KOHA) | |
| Koha item type | Books |
| Withdrawn status | Lost status | Collection code | Home library | Current library | Date acquired | Source of acquisition | Full call number | Accession Number | Koha item type |
|---|---|---|---|---|---|---|---|---|---|
| Withdrawn | Damaged Item | Fiction | Main Library | Main Library | 16/05/2005 | purchase | 823 HAL/N | 00697 | Books |